| 000 | 02045nam a2200277 i 4500 | ||
|---|---|---|---|
| 003 | DO-SdBNP | ||
| 005 | 20250812141506.0 | ||
| 007 | ta | ||
| 008 | 250812b2025 dr ao||| |||| 00| 0 spa d | ||
| 020 | _a9789945656244 | ||
| 040 |
_aDO-SdBNP _bspa _cBNPHU _erda |
||
| 041 | _aspa | ||
| 082 |
_axxx _bR696 _222 |
||
| 100 | 1 |
_aRodríguez Castro, Duleidys _d1982- _eautora _4aut. _924825 |
|
| 245 | 1 | 0 |
_aImágenes y memoria de la educación dominicana / _cDuleidys Rodríguez Castro |
| 264 | 4 |
_aSanto Domingo : _bEditorial Santuario, _c2025. |
|
| 300 |
_a166 Páginas : _bilustraciones, fotografías _c24 cm. |
||
| 336 |
_atexto _btxt _2rdacontent |
||
| 337 |
_asin mediación _bn _2rdamedia |
||
| 338 |
_avolumen _bnc _2rdacarrier |
||
| 500 | _aIncluye datos biografícos de la autora en la solapa de la cubierta. | ||
| 520 | _aEl presente libro reúne una colección de ensayos en torno a la historia de la educación dominicana. La mayoría han sido publicados con anterioridad en el periódico digital Acento y para la ocasión, corregidos y ampliados, agregando, en varios casos, imágenes que ilustran mejor su contenido. Se presentan veintiún artículos escritos entre noviembre del 2023 y febrero del 2025. Los temas tratados van desde los maestros representativos de sus comunidades, como es el caso de Santiago de los Caballeros, Moca y La Vega; hasta los superintendentes y secretarios de educación. La finalidad mayor que sostiene la empresa de escribir sobre las prácticas educativas en el país, es la visibilización de la necesidad de honrar el ejercicio docente, mediante la creación del museo pedagógico dominicano, para la cual he externado la disponibilidad de donar mi colección personal y por lo que he dedicado tres artículos a la causa: El museo nacional de la educación dominicana: una necesidad, Museo de la Educación Nacional de Rouen: un modelo para la República Dominicana y El museo pedagógico Pedro Valera de Montevideo. | ||
| 590 | _aInventariado, 2025/ YL | ||
| 910 | _aYlockward | ||
| 942 |
_2ddc _cLBS1 |
||
| 999 |
_c59778 _d59778 |
||